Sunset Boulevard
Η Gloria Swanson είναι μία ξεπεσμένη παλιά σταρ του βωβού κινηματογράφου, και ο William Holden ένας ανερχόμενος σεναριογράφος που μένει στην έπαυλή της βοηθώντας την να κάνει ένα δυναμικό comeback στο σινεμά. Με τον καιρό αρχίζει να νιώθει φυλακισμένος, όμως εκείνη δεν θα τον αφήσει να την εγκαταλεί...
Αποθηκεύτηκε σε:
| Άλλοι συγγραφείς: | , , , |
|---|---|
| Μορφή: | |
| Γλώσσα: | English Multiple |
| Δημοσίευση: |
[S.l.] :
Paramount Pictures,
c2003.
|
| Έκδοση: | Speial collector's ed. |
| Σειρά: | Paramount DVD collection
|
| Θέματα: | |
| Ετικέτες: |
Προσθήκη ετικέτας
Δεν υπάρχουν, Καταχωρήστε ετικέτα πρώτοι!
|
MARC
| LEADER | 00000cgm a2200000 i 4500 | ||
|---|---|---|---|
| 001 | 1/2501 | ||
| 008 | 091216s2003 xx ||| | || ||eng|| | ||
| 035 | |l 10106035 | ||
| 040 | |a GR-MyUa |b gre |e AACR2 | ||
| 041 | 0 | |a eng |j mul | |
| 082 | 7 | |a 791.437 |2 (22) | |
| 245 | 0 | 0 | |a Sunset Boulevard |h [μαγνητοσκόπηση] / |c directed by Billy Wilder. |
| 250 | |a Speial collector's ed. | ||
| 260 | |a [S.l.] : |b Paramount Pictures, |c c2003. | ||
| 300 | |a 1 βιντεοδίσκος (106 λεπτ.) : |b ομίλ., ασπρόμ. ; |c 4 3/4 ίν. + |e 1 φυλλάδιο | ||
| 490 | 1 | |a (Paramount DVD collection) | |
| 500 | |a Κυκλοφόρησε πρώτη φορά ως κινηματογραφική ταινία το 1950. | ||
| 508 | |a Παραγωγή, Charles Brackett ; σενάριο, Charles Brackett, Billy Wilder και D.M. Marshman Jr. | ||
| 511 | 0 | |a William Holden, Gloria Swanson, Erich Von Stroheim, Nancy Olson, Fred Clark, Lloyd Gough, Jack Webb, Cecil B. DeMille, Hedda Hopper, Buster Keaton, Anna Q. Nilsson, H.B. Warner, Franklyn Farnum. | |
| 520 | 8 | |a Η Gloria Swanson είναι μία ξεπεσμένη παλιά σταρ του βωβού κινηματογράφου, και ο William Holden ένας ανερχόμενος σεναριογράφος που μένει στην έπαυλή της βοηθώντας την να κάνει ένα δυναμικό comeback στο σινεμά. Με τον καιρό αρχίζει να νιώθει φυλακισμένος, όμως εκείνη δεν θα τον αφήσει να την εγκαταλείψει έτσι εύκολα. | |
| 546 | |a Στα αγγλικά με υπότιτλους στα ελληνικά. | ||
| 650 | 0 | |a Actors |v Drama. | |
| 655 | 7 | |a Feature films |2 lcgft | |
| 700 | 1 | |a Wilder, Billy, |d 1906-2002, |e drt | |
| 700 | 1 | |a Holden, William, |d 1918-1981, |e act | |
| 700 | 1 | |a Swanson, Gloria, |d 1897-1983, |e act | |
| 700 | 1 | |a Von Stroheim, Erich, |d 1885-1957, |e act | |
| 830 | 0 | |a Paramount DVD collection | |
| 852 | |a INST |b SYROS |c AV |e 20091216 |h 791.437 WIL |p 005500007947 |q 005500007947 |t DVD |y 23 | ||
| 901 | |a BIBL5-2008-1 | ||
| 922 | |a 5ΕΛΗ |b 200709 |c Βιβλιοθήκη Σύρου |d Anaco | ||
| 970 | |a Κοντού |b Παρασκευή |z 16/12/2009 | ||